[Event "Linares 15th"]
[Site "Linares"]
[Date "1998.03.03"]
[Round "9"]
[White "Svidler, Peter"]
[Black "Anand, Viswanathan"]
[Result "1/2-1/2"]
[WhiteElo "2690"]
[BlackElo "2770"]
[Annotator "Gofshtein,L"]
[PlyCount "88"]
[EventDate "1998.02.22"]
[EventType "tourn"]
[EventRounds "12"]
[EventCountry "ESP"]
[EventCategory "21"]
[SourceTitle "CBM 064"]
[Source "ChessBase"]
[SourceDate "1998.06.02"]
[SourceVersion "1"]
[SourceVersionDate "1998.06.02"]
[SourceQuality "1"]

1. e4 c5 2. Nf3 d6 3. d4 cxd4 4. Nxd4 Nf6 5. Nc3 Nc6 6. Bg5 e6 7. Qd2 Be7 8.
O-O-O O-O 9. f4 Nxd4 10. Qxd4 Qa5 11. Bc4 Bd7 12. e5 dxe5 13. fxe5 Bc6 14. Bd2
Nd7 15. Nd5 Qd8 16. Nxe7+ Qxe7 17. Rhe1 Rfd8 18. Qg4 Nf8 19. Bd3 (19. Bf1 Qc5
20. Qb4 Qf2 21. Qf4 Qb6 22. Qe3 Ng6 23. g3 Rd5 24. Bc3 Rxd1+ 25. Kxd1 Qd8+ 26.
Kc1 Qe8 $1 27. Bd4 Bb5 $11) 19... Rxd3 (19... Rd5 20. Bb4 (20. g3 Ng6 21. Bc3
Rc8 $6 (21... Qc5 $13) 22. h4 Qc5 23. Qe2 Bb5 24. Bxb5 Qxb5 25. Qxb5 Rxb5 26.
a4 $14) 20... Qd8 (20... Qc7 21. c4 $1 Rd7 22. Bd6 Qa5 23. Kb1 Ng6 24. h4 $1 f5
$8 25. Qg3 $16) 21. g3 (21. Kb1 $6 Ng6 22. Bd6 Qh4 $1 23. Qxh4 Nxh4 24. Rg1
Nxg2 $1) (21. h4 $6 Ng6 22. Bxg6 hxg6 23. Qf4 Rc8 24. Rf1 Rxd1+ 25. Rxd1 Bd5)
21... Ng6 22. Bc3 Qb8 $1 23. Qe2 b5 24. b3 a5 $6 (24... b4 $142) 25. h4 b4 26.
Bb2 Bb5 27. Bxb5 Qxb5 28. Qxb5 Rxb5 29. h5 $16) 20. cxd3 Qd7 21. Bb4 $5 (21.
Kb1 Qxd3+ 22. Ka1 h5 23. Qxh5 Ba4 24. Bc3 Bxd1 25. Rxd1 Qe4 $15) (21. Re3 Qd5
22. Kb1 Ng6 23. Rg3 Qxe5 24. Bc3 Qb5 25. h4 h5 26. Qe2 Bd5 $44) (21. b3 a5 22.
Bc3 Ng6 23. Re2 Ne7 $44) 21... Ng6 $146 (21... Qd5 22. Bxf8 Rxf8 23. Kb1 Qxg2
24. Qxg2 Bxg2 25. Rg1 (25. Rc1 Bc6 26. Kc2 f5 27. exf6 Rxf6 28. Rf1 Rh6 29. Rf2
Rh3 $44) (25. Re3 Bd5 (25... Rd8 $1 26. Rg1 Bc6 27. Reg3 g6 28. Kc2 $14) (25...
f5 26. exf6 Rxf6 27. Rg1 Bd5 28. Reg3 Rf7 $5 $14) 26. Rc1 h6 27. Rc7 g5 28. Re1
g4 $13) 25... Bc6 26. Kc2 Rd8 (26... f5 27. exf6 Rxf6 28. Rdf1 Rh6 29. Rf2 $16)
27. Kc3 g6 28. Rdf1 Rd5 29. d4 Kg7 30. Rf4 Rd7 31. Rg3 $14) 22. Bd6 $5 (22. Kb1
Qd5 $1 $44) (22. h4 Qd5 23. h5 Nxe5 24. Qg3 f6 $44) 22... f5 $1 23. Qg5 Bd5 $1
24. b3 (24. Kb1 $6 Qa4 $1) 24... Qc6+ 25. Kb2 Qb6 $1 (25... Bxg2 $2 26. h4 $40)
26. g3 (26. d4 a5 $1 $132) 26... Qd4+ $5 (26... a5) 27. Kb1 Rc8 28. Qe3 Qxe3
29. Rxe3 f4 $5 30. gxf4 Nxf4 $44 31. Rf1 $6 (31. Kb2 $14 {Svidler}) 31... Ng6
32. Rc1 Rxc1+ 33. Kxc1 Nh4 $5 34. Re2 g5 35. Kd2 Kg7 36. Rf2 Nf5 $5 $15 37. Bc7
Kg6 38. Bd8 h6 (38... g4 39. Rf4 h5 40. Ke2 $11) 39. Ke1 Kh5 40. Kf1 Kg4 41.
Kg1 Kh3 42. b4 g4 43. a4 h5 44. Rf4 a6 (44... g3 45. hxg3 Kxg3 46. Rf2 h4 47.
Bg5 $11) 1/2-1/2

[Event "Olympiad-31"]
[Site "Moscow"]
[Date "1994.12.04"]
[Round "4.1"]
[White "Yudasin, Leonid"]
[Black "Kotronias, Vasilios"]
[Result "1/2-1/2"]
[WhiteElo "2625"]
[BlackElo "2545"]
[Annotator "Hecht,H"]
[PlyCount "127"]
[EventDate "1994.12.01"]
[EventType "team-swiss"]
[EventRounds "14"]
[EventCountry "RUS"]
[SourceTitle "CBM 045"]
[Source "ChessBase"]
[SourceDate "1995.04.01"]
[SourceVersion "1"]
[SourceVersionDate "1995.04.01"]
[SourceQuality "1"]
[WhiteTeam "Israel"]
[BlackTeam "Greece"]
[WhiteTeamCountry "ISR"]
[BlackTeamCountry "GRE"]

1. e4 c5 2. Nf3 Nc6 3. d4 cxd4 4. Nxd4 Nf6 5. Nc3 d6 6. Bg5 e6 7. Qd2 Be7 8.
O-O-O O-O 9. f4 Nxd4 10. Qxd4 Qa5 11. Bc4 Bd7 12. e5 dxe5 13. fxe5 Bc6 14. Bd2
Nd7 15. Nd5 Qd8 16. Nxe7+ Qxe7 17. Rhe1 Rfd8 18. Bf1 Nf8 19. Qe3 Qh4 20. h3 Ng6
21. c4 Rd4 22. g3 Rxc4+ 23. Bc3 Qe4 24. Qd2 Qd5 25. Qxd5 Rxc3+ 26. bxc3 Bxd5
27. c4 Bc6 28. Rd4 Kf8 29. Bd3 Ke7 30. Kc2 Rc8 31. Re3 Bg2 32. Be4 Bxe4+ 33.
Rdxe4 Nf8 34. Rg4 g6 35. Ra3 a6 36. Rb3 Rc7 37. Kd3 Nd7 38. Kd4 b6 39. Rh4 h5
40. Rf4 Rc8 41. Rf1 Rd8 42. Rbf3 Rf8 43. Ke4 Nc5+ 44. Kf4 Nd7 45. Re1 Rc8 46.
Re4 Rc5 47. Ra3 Nb8 48. Kg5 a5 49. Rb3 f5 50. Rf4 Nd7 51. Rb5 Rxe5 52. Rxe5
Nxe5 53. Rf1 $10 {Both sides are playing for passed pawns.} Kf7 54. Rb1 Nd7 (
54... Nxc4 55. Rc1 b5 56. a4 Na3 57. Rc7+ $18) 55. c5 (55. h4 e5 $13) 55...
Nxc5 56. Rxb6 Ne4+ 57. Kf4 g5+ 58. Ke5 Nxg3 59. Rxe6 h4 60. Ra6 f4 61. Rxa5 g4
62. hxg4 h3 63. Kxf4 h2 64. Ra7+ 1/2-1/2

[Event "ESP-chT"]
[Site "Ponferrada"]
[Date "1997.09.06"]
[Round "8"]
[White "Illescas Cordoba, Miguel"]
[Black "San Segundo Carrillo, Pablo"]
[Result "1-0"]
[WhiteElo "2585"]
[BlackElo "2495"]
[Annotator "Illescas Cordoba,M"]
[PlyCount "123"]
[EventDate "1997.08.29"]
[EventType "team"]
[EventRounds "9"]
[EventCountry "ESP"]
[SourceTitle "CBM 061"]
[Source "ChessBase"]
[SourceDate "1997.11.23"]
[SourceVersion "1"]
[SourceVersionDate "1997.11.23"]
[SourceQuality "1"]

1. e4 c5 2. Nf3 d6 3. d4 cxd4 4. Nxd4 Nf6 5. Nc3 Nc6 6. Bg5 e6 7. Qd2 Be7 8.
O-O-O Nxd4 9. Qxd4 O-O 10. f4 Qa5 11. Bc4 Bd7 12. e5 dxe5 13. fxe5 Bc6 {
[%cal Ga5g5]} 14. Bd2 Nd7 15. Nd5 Qd8 16. Nxe7+ Qxe7 17. Rhe1 Rfd8 18. Qg4 {
[%cal Rd2g5]} Nf8 19. Bd3 {[%cal Rd2g5]} Rd5 $5 20. g3 $5 $146 Ng6 21. Bc3 Rc8
$6 (21... Qc5 $142 $13) 22. h4 {[%cal Yh4h5]} Qc5 {[%csl Re5]} 23. Qe2 $1 Bb5 (
23... b5 24. a3 a5 25. Qe3 $14) 24. Bxb5 Qxb5 25. Qxb5 Rxb5 26. a4 $14 {
[%cal Gd1d7]} Rbc5 (26... Rb6 $5) 27. Rd7 R5c7 28. Rxc7 Rxc7 29. h5 $1 (29. Rd1
$2 h5 $1 {[%csl Re5,Rg3,Rh4][%cal Yg8h7,Yh7g6,Yg6f5,Yf5g4]}) 29... Ne7 30. Rd1
Nd5 31. Bd4 a6 32. a5 $1 (32. b3 b5 $11) 32... Kf8 33. b3 Ke8 34. c4 Ne7 35. g4
Rd7 36. Rd2 Nc6 $6 (36... Ng8 $1 $132 37. Be3 $140 f6) 37. Bc3 Rxd2 38. Kxd2
$16 Kd7 (38... Ke7 39. Ke3 f6 40. exf6+ gxf6 41. Ke4 $16) 39. Ke3 (39. b4 $5)
39... Nb8 40. Kd4 Kc6 41. Bb4 Kd7 42. Ke4 Nc6 43. Bc3 Nb8 44. b4 Kc6 45. Bd4
Nd7 46. Kf4 Nb8 47. Ba7 (47. Kg5 Nd7 48. h6 g6 $16) 47... Nd7 48. Be3 Nb8 49.
Bd4 $22 Nd7 50. Kg5 $1 $18 h6+ (50... Kc7 51. b5 Kc8 52. h6 g6 53. Bb2 Kc7 54.
Kf4 Kc8 55. Ba3 f5 (55... Kc7 56. Bd6+ Kc8 57. Kg5 Kd8 58. bxa6 bxa6 59. c5 $18
) 56. exf6 Nxf6 57. g5 Nd7 58. Bd6 Kd8 59. bxa6 bxa6 60. c5 $18) (50... b5 51.
axb6 Nxb6 52. Bxb6 Kxb6 (52... h6+) 53. h6 $18) (50... Nb8 51. h6 $18) 51. Kf4
{[%csl Rg7,Rh6]} b5 (51... Nf8 52. Bc5 Nh7 53. Bd6 $18) (51... f6 52. exf6 Nxf6
53. g5 $18) 52. axb6 Nxb6 53. Bxb6 Kxb6 54. g5 $1 $18 (54. Ke4 $2 f6 $132)
54... a5 (54... hxg5+ 55. Kxg5 a5 56. bxa5+ Kxa5 57. h6 gxh6+ 58. Kxh6 Kb4 59.
Kg7 Kxc4 60. Kxf7 Kd5 61. Kf6 $18) 55. gxh6 gxh6 56. bxa5+ Kxa5 57. Ke3 Kb6 (
57... Ka4 58. Ke4 Ka5 59. Kd3 $22) (57... Ka6 58. Kd2 $1 Kb6 59. Kc2) 58. Kd3 (
58. Kd4 $142 Kc6 $8 59. Kd3 (59. Kc3 Kc5) 59... Kb6 (59... Kc5 60. Kc3) (59...
Kd7 60. c5) 60. Kc2 $1 Kc6 61. Kb3 $18) 58... Ka5 (58... Kc6 59. Kc2 Kd7 60.
Kc3 Ke7 61. Kd4 f5 62. exf6+ Kxf6 63. Kc5 Ke7 64. Kc6 $18) 59. Ke3 $1 (59. c5
$4 Kb5 60. Kd4 Ka6 $1 $11) (59. Kc2 Kb4 60. Kd3 Ka5) (59. Kc3 Ka4 60. Kd3 Ka5)
(59. Kd4 Kb4 60. Kd3 Ka5) (59. Ke4 $1 Ka6 60. Ke3 $18) 59... Ka4 60. Ke4 Ka5
61. Kd3 $22 Ka4 (61... Kb6 62. Kc2) (61... Kb4 62. Kd4) (61... Ka6 62. Kc3) 62.
Kc3 (62. Kc3 Ka5 63. Kb3) 1-0

[Event "Linares 12th"]
[Site "Linares"]
[Date "1994.??.??"]
[Round "3"]
[White "Beliavsky, Alexander G"]
[Black "Kramnik, Vladimir"]
[Result "0-1"]
[WhiteElo "2650"]
[BlackElo "2710"]
[Annotator "Kramnik,V"]
[PlyCount "62"]
[EventDate "1994.02.??"]
[EventType "tourn"]
[EventRounds "13"]
[EventCountry "ESP"]
[EventCategory "18"]
[SourceTitle "CBM 040"]
[Source "ChessBase"]
[SourceDate "1994.06.01"]
[SourceVersion "1"]
[SourceVersionDate "1994.06.01"]
[SourceQuality "1"]

1. e4 {Boensch Ftacnik Glatman} c5 2. Nf3 Nc6 3. d4 cxd4 4. Nxd4 Nf6 5. Nc3 d6
6. Bg5 e6 7. Qd2 Be7 8. O-O-O O-O 9. f4 Nxd4 10. Qxd4 Qa5 11. Bc4 Bd7 12. Rhe1
Bc6 13. f5 $5 (13. Kb1 $6 {Glatman} h6 14. Bh4 {Kholmov,R-Glek,I/Moscow/1983/0,
5 (46) Inf 35/259/} b5 $1 15. Bb3 b4 16. Bxf6 Bxf6 17. Qxd6 Rac8 {/\Rfd8-/+/})
(13. Nd5 {Glatman} exd5 14. exd5 Rae8 15. dxc6 bxc6 $13) (13. Bb3 $6 {Glatman}
Rfe8 14. f5 (14. e5 {Ftacnik} dxe5 15. fxe5 Rad8 16. Qf4 Nd5 17. Bxd5 Bxg5 18.
Qxg5 Bxd5 19. Rd4 h6 20. Qg3 Qc5 21. Rg4 Qf8 22. a3 Bc6 23. Ne2 Kh7 24. Nf4 {
Tolnai,T-Leko,P/Budapest GM/1992/1-0 (32)}) 14... exf5 15. e5 dxe5 16. Rxe5 Qc7
17. Rxf5 Rad8 18. Qc4 Rxd1+ 19. Nxd1 Bd8 $10 {Polgar,J-Sax,G/HUN/1991/1:0 (51)
Inf 53/191/}) 13... b5 (13... exf5 $5 14. exf5 Rae8 {Glatman} (14... Qxf5) 15.
g4 Bf3 16. Rd3 (16. Be2 {Ftacnik} Bc6 17. Kb1 d5 18. Qd2 Qb6 19. Be3 Bc5 20.
Bd4 Bxd4 21. Qxd4 Qxd4 22. Rxd4 Re3 23. Rg1 Rfe8 24. Rg2 {Ivanov,Alexa-Rachels,
S/USA-ch (13)/1992/0-1 (80)}) 16... Bxg4 17. Bxf6 Bxf6 18. Bxf7+ Kxf7 19. Qc4+
d5 20. Rxd5 Rxe1+ 21. Rd1+ Ke7 22. Rxe1+ Kd8 23. Qxg4 Bxc3 $10 {Polgar/}) 14.
Bb3 (14. e5 $2 dxe5 15. Rxe5 Rad8) 14... b4 15. Ne2 (15. e5 $2 dxe5 16. Rxe5
Qc7 17. Nb5 Bxb5 18. Rxb5 Rad8 $36) (15. Nd5 $2 Nxd5 16. Bxe7 Nxe7 17. Qxd6
Rae8 18. fxe6 fxe6 $19) (15. Nb1 {Ftacnik} exf5 16. exf5 Qxf5 17. Bd2 Ne4 18.
Bxb4 Bf6 19. Qd3 Qf4+ 20. Nd2 Nf2 21. Qxd6 Qxd6 22. Bxd6 Rfc8 $17) 15... Ba4 $1
(15... exf5 16. exf5 Qxf5 17. Qh4 h6 (17... Bxg2 {Ftacnik} 18. Nd4 Qd7 19. Rxe7
Qxe7 20. Bxf6 Qe3+ 21. Kb1 gxf6 22. Nf5 Qg5 23. Qf2 {/\ Rg1}) (17... Qc5 18.
Nd4 Rae8 19. Rxe7 (19. Nxc6 Qxc6 20. Qxb4 $13) 19... Rxe7 20. Bxf6 gxf6 21.
Qxf6 Re5 22. Rd3 (22. Nxc6 Qxc6 23. Rd3 Re1+ 24. Kd2 Qxg2+ 25. Kxe1 Re8+ $19)
22... Be4 23. Rg3+ Bg6 24. Rxg6+ hxg6 25. Qxg6+ Kh8 26. Qh6+ Kg8 27. Qg6+ $10)
18. Nd4 Qxg5+ 19. Qxg5 hxg5 20. Nxc6 $16) (15... h6 $2 16. Bxf6 Bxf6 17. Qxd6
Bxe4 18. fxe6 $16) (15... e5 16. Qe3 (16. Qg1 {Ftacnik} Bxe4 17. Ng3 Bb7 18.
Bxf6 gxf6 19. Qe3 $40) 16... h6 17. Bxf6 Bxf6 18. Kb1 Qc7 19. Ng3 $40) (15...
d5 16. fxe6 fxe6 17. Qe5 $36) (15... Rad8 $5) 16. Kb1 (16. Bxa4 Qxa4 17. Kb1 (
17. a3 {Glatman} Rfc8 18. c3 a5 $40) (17. fxe6 {Ftacnik} Qxa2 18. exf7+ Rxf7
$40) 17... Rfc8 (17... Rac8 {Boensch} 18. Qd3 h6 19. Bxf6 Bxf6 20. Qb3 Qxb3 21.
axb3 $15) 18. Qd3 h6 19. Bc1 (19. Bh4 exf5 20. exf5 b3) (19. Bxf6 Bxf6 20. fxe6
fxe6 21. Nf4 Bxb2 22. Kxb2 Rc3 23. Qe2 Rac8 24. Rd2 Ra3 25. Ra1 Qc6 $5) 19...
e5 $13) (16. Qd3 exf5 17. Ng3 (17. exf5 Bxb3 18. Qxb3 Qxf5 $132) 17... Bxb3 $1
(17... fxe4 18. Nxe4 Nxe4 19. Bxe7 Nc5 20. Qxd6) 18. Qxb3 fxe4 19. Nxe4 Rfe8 $1
(19... Qf5 20. Qd3 Nxe4 21. Bxe7 Nc5 22. Qd5 $1 $16) 20. Bxf6 Bxf6 21. Nxf6+ (
21. Nxd6 Rf8 22. Rd5 Qc7 $13) 21... gxf6 22. Rf1 (22. Kb1 Rxe1 23. Rxe1 Qc5 $10
) 22... Rac8 $132) (16. Bc4 $2 {Glatman} Rac8 $17) 16... Bxb3 17. axb3 (17.
cxb3 exf5 18. Ng3 fxe4 19. Nxe4 Qf5 20. Ka1 Rfe8 21. Bxf6 Bxf6 22. Nxf6+ Qxf6
23. Qxb4 Rxe1 24. Rxe1 $5 $44) 17... Rfc8 (17... Rac8 $1 $132) (17... exf5 {
Ftacnik} 18. Ng3 fxe4 19. Nxe4 $36) 18. Bd2 (18. Bxf6 $5 Bxf6 19. Qxd6 Rxc2 (
19... exf5 $5 20. Rd5) (19... Be5 20. Qd7 Qc5 21. Rd2 $1) 20. Kxc2 Rc8+ 21. Kb1
(21. Kd2 Rd8) (21. Nc3 bxc3 22. e5 Qa2 23. exf6 $2 cxb2+ 24. Kd3 b1=Q+ 25. Rxb1
Qc2+ $1 26. Ke3 (26. Kd4 Qd2+ 27. Ke5 gxf6+ $19) 26... Rc3+ 27. Kf4 Qxf5#)
21... Bxb2 22. Kxb2 Qa3+ 23. Kb1 Qxb3+ 24. Ka1 Qa3+ 25. Kb1 Qb3+ $10) 18... Qc7
(18... Rab8 19. Nc1 Rc6 20. c4 bxc3 21. Bxc3 Qc7 $1 $17) 19. Qd3 (19. Rc1 e5 (
19... a5 $40 {Ftacnik}) 20. Qd3 Qb7 21. Ng1 (21. Ng3 {Glatman} Rd8 {/\d5/})
21... h6) 19... exf5 (19... Ng4 $6 {Ftacnik} 20. fxe6 fxe6 21. Rc1 a5 22. Qh3
$1) 20. exf5 d5 (20... Ng4 21. Rc1) 21. Bf4 (21. Bg5 h6 22. Bxf6 (22. Bh4 a5
23. c3 $10) 22... Bxf6 23. g3 a5 24. Nf4 a4 25. Nxd5 Qa7 26. Nxf6+ gxf6 $13) (
21. Nf4 Bd6 (21... a5 {Ftacnik} 22. Rc1 a4 $40) 22. g3 a5 23. c3 $17) (21. Nd4
Ne4 $36) 21... Bd6 (21... Qb7 {Ftacnik} 22. Nd4 a5 23. Qb5 $1) 22. g3 (22. Bxd6
{Ftacnik} Qxd6 23. c4 bxc3 24. Nxc3 Rd8 $17) 22... a5 23. Bxd6 Qxd6 24. Nf4 (
24. Qb5 a4 25. bxa4 Rcb8) 24... a4 (24... Rd8 {Ftacnik} 25. Qb5 Rdb8 26. Qd3
Rd8 27. Qb5) 25. bxa4 (25. Nxd5 Nxd5 (25... axb3 $4 26. Ne7+ Qxe7 27. Rxe7
bxc2+ 28. Qxc2 Rxc2 29. Kxc2 $18) 26. Qxd5 Qc7 (26... Qa6 {Glatman} 27. Re7 Rf8
28. Kc1 (28. Qc4 $1 Qf6 (28... Qa5 29. Qd5 $10) 29. Rc7 axb3 30. Qxb3 Qa6 $19)
28... axb3 $19) 27. Qc4 (27. Re2 {Ftacnik} axb3 28. Qxb3 Qa5 $19) (27. Qd3 {
Boensch} axb3 28. Qxb3 Qa5 29. Kc1 Qa1+ 30. Kd2 Rd8+ 31. Ke2 Rxd1 32. Rxd1 Re8+
33. Kd2 Rd8+ $19) 27... Qa7 28. Qd4 axb3 29. Qxa7 bxc2+ $19) 25... Rxa4 26.
Nxd5 (26. b3 Ra5) 26... Nxd5 (26... Rca8 27. c4 $13) 27. Qxd5 (27. Qb5 Raa8 28.
Rxd5 Qc7 29. Rc5 $2 Qxc5 30. Re8+ Rxe8 31. Qxc5 Re1#) 27... Qc7 (27... Qa6 {
Glatman} 28. Kc1) 28. Qe4 (28. Qb3 {Ftacnik} Qa7 29. Kc1 Ra1+ 30. Kd2 Qf2+ $19)
28... Raa8 (28... Qa7 $4 {Ftacnik} 29. Qe8+) (28... h6 $5 {Boensch} 29. b3 Ra6
30. Qc4 Rc6 $17) 29. Rd4 (29. Kc1 $5 {Glatman} h6 $1 $40) 29... Qa5 30. Kc1 b3
(30... Qa1+ 31. Kd2 Qxb2) 31. c4 (31. c3 Qa1+ (31... Rxc3+ {Glatman} 32. bxc3
Qxc3+ 33. Kd1 Ra1+ $19) 32. Qb1 Rxc3+ $1) (31. Re2 Qa1+ 32. Kd2 bxc2 $19) (31.
Rc4 {Ftacnik} Qxe1+ $1 32. Qxe1 Rxc4 (32... Ra1+ 33. Kd2 Rd8+ $19) 33. Qe7
Rxc2+ 34. Kb1 Ra1+ 35. Kxa1 Rc1#) 31... Qb4 (31... Qb4 32. Kb1 Qa4 33. Kc1 Re8
$19) 0-1

[Event "Las Palmas"]
[Site "Las Palmas"]
[Date "1996.12.09"]
[Round "1"]
[White "Anand, Viswanathan"]
[Black "Kramnik, Vladimir"]
[Result "1/2-1/2"]
[WhiteElo "2735"]
[BlackElo "2765"]
[Annotator "Kramnik,V"]
[PlyCount "40"]
[EventDate "1996.12.08"]
[EventType "tourn"]
[EventRounds "10"]
[EventCountry "ESP"]
[EventCategory "21"]
[SourceTitle "CBM 057"]
[Source "ChessBase"]
[SourceDate "1997.04.01"]
[SourceVersion "1"]
[SourceVersionDate "1997.04.01"]
[SourceQuality "1"]

1. e4 {Shamkovich Dolmatov} c5 2. Nf3 d6 3. d4 cxd4 4. Nxd4 Nf6 5. Nc3 Nc6 6.
Bg5 e6 7. Qd2 Be7 8. O-O-O Nxd4 9. Qxd4 O-O 10. f4 Qa5 11. Bc4 Bd7 12. Rd3 ({
More popular is 12.e5. For instance:} 12. e5 dxe5 13. fxe5 Bc6 14. Bd2 Nd7 15.
Nd5 Qd8 16. Nxe7+ Qxe7 17. Rhe1 Rfd8 18. Qg4 Nf8 19. Bd3 Rxd3 20. cxd3 Qd7 {
and Black has a sufficient compensation for the exchange, Ljubojevic,L-Leko,P/
It Belgrade 1995}) 12... Rad8 13. e5 {N/} (13. Bxf6 $5 {does not promise much}
Bxf6 14. Qe3 Bc6 15. Bb3 Rc8 {Black is Okay}) 13... dxe5 (13... d5 $2 {Dolmatov
} 14. exf6 Bc5 15. Qe5 $18) 14. Qxe5 Qb4 (14... Qb6 {Dolmatov} 15. Rg3 Kh8 16.
Ne4 $16) 15. Rg3 Kh8 ({Or} 15... Qxc4 16. Bxf6 Bxf6 17. Qxf6 g6 {with
satisfactory position} (17... g6 {Dolmatov} 18. Rd1 Qc7 19. Rgd3 $18)) 16. Bd3
(16. Ne4 $6 {is a blank shot in view of} Qxc4 17. Nxf6 (17. Bxf6 $2 gxf6 18.
Nxf6 Ba4 $1 19. b3 Qd4 $1 {winning for Black}) 17... Qxa2 18. Nxd7 (18. Nd5 f6)
18... Qa1+ 19. Kd2 Rxd7+ {wins}) 16... Bc6 17. Rh3 (17. Bxh7 $2 {Dolmatov} Kxh7
18. Bxf6 Bxf6 19. Rh3+ Kg8 20. Qh5 Qxf4+ 21. Kb1 Qh6 $19) 17... Rfe8 (17...
Bxg2 $6 {is too risky:} 18. Bxf6 Bxh3 (18... Bxf6 $4 19. Rxh7+ Kg8 20. Rh8+
Kxh8 21. Qh5+ Kg8 22. Qh7#) (18... gxf6 19. Rxh7+ Kg8 20. Rg1 {mating}) 19.
Bxg7+ Kg8 20. Bxf8 {wins}) (17... Qd4 $5 {Dolmatov} 18. Bxf6 gxf6 (18... Bxf6
$4 19. Rxh7+ Kg8 20. Rh8+ Kxh8 21. Qh5+ $18) 19. Rxh7+ (19. Qh5 Qxf4+ 20. Kb1
h6 $10) 19... Kg8 20. Rh8+ Kg7 21. Rh7+ Kg8 22. Qh5 f5 $13) 18. Qe2 (18. a3 $6
Qd4 (18... Qd6 19. Rg1) 19. Qxd4 (19. Bxf6 Bxf6 20. Rxh7+ Kg8 21. Qh5 g6 22.
Bxg6 fxg6 23. Qxg6+ Bg7 {means the end of attack}) 19... Rxd4 20. Ne2 Bxg2 21.
Bxf6 Bxf6 22. Rxh7+ Kg8 23. Nxd4 Bxh1 24. Ne2 {and now Black is better}) (18.
Rd1 Qd4 $1 {(or 18...Qd6 )} (18... Bd6 $2 {Dolmatov} 19. Qxf6 gxf6 20. Bxf6+
Kg8 21. Bxh7+ Kf8 22. Be4 $1 Bxf4+ 23. Kb1 Rxd1+ 24. Nxd1 $18) 19. Bxh7 $2 (19.
Qxd4 $5 Rxd4 20. Bxf6 Bxf6 21. Rxh7+ Kg8 22. Rh3 Rxf4 23. Rd2 {is favorable
for Black}) 19... Qxe5 20. Bd3+ Nh7 $3 {(that is the point!)} 21. Rxh7+ (21.
Bxh7 Bxg5 {wins}) 21... Kg8 22. fxe5 Bxg5+ 23. Kb1 Rxd3 {and it is all over
for White. So it is understandable that Anand decides not to take risk.}) 18...
h6 19. Rf1 Kg8 20. Bh4 Nd5 (20... Rd4 $5 {Dolmatov}) (20... Nd5 {Dolmatov} 21.
Nxd5 exd5 22. Bxe7 Rxe7 23. Qd2 Qxd2+ 24. Kxd2 d4 25. Rf2 $10) 1/2-1/2